History Quiz

Random History or Clickable Quiz

London Underground Stops Pub Names Quiz Stats

 Plays Quiz not verified by Sporcle

Challenge
Share
Tweet
Embed
Score 0/7 Timer 05:00
0 Plays Today
% Correct
Elephant and Castle
82.1%
Royal Oak
71.5%
Angel
70%
Swiss Cottage
69.2%
Manor House
53.4%
Blackfriars
51.6%
Maida Vale
38%

You're not logged in!

Compare scores with friends on all Sporcle quizzes.
OR
Log In

You Might Also Like...

Show Comments

Extras

Top Quizzes Today


Score Distribution

Your Account Isn't Verified!

In order to create a playlist on Sporcle, you need to verify the email address you used during registration. Go to your Sporcle Settings to finish the process.

Report this User

Report this user for behavior that violates our Community Guidelines.

Details: